Οι Χώρες με τους περισσότερους εκατομμυριούχους κατά κεφαλή - Statistics

General Stats
  • This quiz has been taken 43 times
  • The average score is 14 of 20
Answer Stats
% Χώρα % Correct
9.7% Ηνωμένες Πολιτείες
97%
5.6% Γαλλία
97%
3.9% Γερμανία
97%
7.6% Καναδάς
91%
5.4% Ηνωμένο Βασίλειο
91%
11.2% Αυστραλία
84%
15.5% Ελβετία
81%
7.3% Σουηδία
78%
32% Μονακό
75%
9.6% Νέα Ζηλανδία
75%
5.6% Νορβηγία
75%
8.5% Ολλανδία
72%
16.3% Λουξεμβούργο
69%
10% Σιγκαπούρη
63%
6.5% Βέλγιο
63%
8.5% Δανία
56%
3.7% Αυστρία
53%
4.8% Ιρλανδία
38%
4.4% Ταϊβάν
34%
3.6% Ισραήλ
31%
No matching quizzes found
Score Distribution
Percent of People with Each Score
Percentile by Number Answered
Your Score History
You have not taken this quiz